Célébrités en E. - Statistiques

Statistiques générales
  • Ce quiz a été pris 577 fois
  • Le résultat moyen est 9 sur 16
Statistiques - réponses
Question Célébrité % Correct
Rappeur Américain, interprète de "Lose Yourself" et "Without me". Eminem
93%
Cuisinier et animateur de "Cauchemar en cuisine". Philippe Etchebest
90%
Auteur de la formule : E=mc2 Albert Einstein
86%
Humoriste Franco-Marocain, ayant interprété "Chouchou" au cinéma. Gad Elmaleh
72%
Chanteuse Américaine, connue en 2019 grâce à son titre "Bad Guy". Billie Eilish
71%
Célèbre trafiquant de cocaïne Colombien, mort en 1993. Pablo Escobar
66%
Acteur Américain, il jouait le rôle principale dans la saga "High School Musical". Zac Efron
63%
Actrice française, ayant jouée dans "La vie d'Adèle" ou "La flamme". Adèle Exarchopoulos
60%
Actrice Belge, ayant joué dans "20 ans d'écart" ou "Un homme à la hauteur". Virginie Efira
59%
Président de la Turquie depuis 2014. Recep Tayyip Erdoğan
50%
Ex footballeur international Camerounais, ayant évolué au Barca et à l'Inter. Samuel Eto'o
45%
Acteur et réalisateur Américain, ayant joué dans de nombreux western. C'est aussi le nom "utilisé" par Marty dans "Retour vers le futur 3". Clint Eastwood
39%
34ème président des Etats-Unis. Dwight David Eisenhower
28%
Entraineur de football espagnol, champion de France avec Paris en 2018. Unai Emery
25%
Chanteuse ayant débutée à la Star Academy, elle joua Cléopâtre dans une comédie musicale. Sofia Essaidi
20%
Actrice et mannequin, elle est connue pour son rôle dans "Alerte à Malibu" ou dans "Scary Movie". Carmen Electra
5%
Aucun quiz correspondant
Distribution des résultats
% des personnes avec chaque résultat
Percentile par nombre de réponses
Votre historique - résultats
Vous n’avez pas pris ce quiz